Obálka Náhled e-knihy:
PDF Epub
Pro půjčování e-knih musíte být přihlášeni.
Jak si půjčit online?

Percy Jackson. Poslední z bohů /

Další kniha fantasy série o chlapci Percym, který je synem jednoho z řeckých bohů.

Uloženo v:
Série:Percy Jackson, část 5
Hlavní autor: Riordan, Rick, 1964- (Autor)
Další autoři: Chodilová, Dana, 1964- (Autor)
Médium: E-kniha
Jazyk:Czech
Vydáno: Praha : Fragment, 2023
Vydání:2. vydání
Témata:
Příbuzné jednotky:Přeloženo z: Percy Jackson & the Olympians
Z cyklu:: Percy Jackson
Tagy:
Žádné tagy
LEADER 02747nam a2200553 i 4500
001 312072
003 CZ PrSKC
005 20260601215716.0
007 ta
008 230831s2023 xr c 000 f cze
015 |a cnb003544381 
020 |a 9788025363577  |q (vázáno) 
035 |a (OCoLC)1402155280 
040 |a ABG001  |b cze  |d ABA001  |e rda 
041 1 |a cze  |h eng 
072 7 |a 821.111(73)-3  |x Americká próza  |2 Konspekt 
072 7 |a 821-93  |x Literatura pro děti a mládež (beletrie)  |2 Konspekt 
080 |a 821.111(73)-31  |2 MRF 
080 |a 821-93  |2 MRF 
080 |a (0:82-312.9)  |2 MRF 
100 1 |a Riordan, Rick,  |d 1964-  |7 xx0103318  |4 aut 
240 1 0 |a Last Olympian.  |l Česky 
245 1 0 |a Percy Jackson.  |p Poslední z bohů /  |c napsal Rick Riordan ; z anglického originálu Percy Jackson 5 - The last Olympian přeložila Dana Chodilová 
246 3 0 |a Poslední z bohů 
250 |a 2. vydání 
264 1 |a Praha :  |b Fragment,  |c 2023 
300 |a 391 stran ;  |c 22 cm 
336 |a text  |b txt  |2 rdacontent 
337 |a bez média  |b n  |2 rdamedia 
338 |a svazek  |b nc  |2 rdacarrier 
500 |a Údaj o vydání je chybný, správně má být: 3. vydání 
520 2 |a Další kniha fantasy série o chlapci Percym, který je synem jednoho z řeckých bohů.  |b Většina mladých dostává k šestnáctinám dort, dárky a spoustu blahopřání. Na Percyho však čeká další zkouška odvahy. Konečně je mu odtajněno temné proroctví, které před ním zůstávalo dlouhá léta skryto a blíží se rozhodující bitva. Skončí svět v troskách, nebo se podaří lidstvo před temnými silami uchránit? Kniha uzavírá první sérii příběhů z Tábora polokrevných. 
521 8 |a Pro čtenáře od 11 let 
546 |a Český text 
655 7 |a americké romány  |7 fd131796  |2 czenas 
655 7 |a fantasy romány  |7 fd184199  |2 czenas 
655 7 |a publikace pro mládež  |7 fd133157  |2 czenas 
655 9 |a American fiction  |2 eczenas 
655 9 |a fantasy novels  |2 eczenas 
655 9 |a juvenile literature  |2 eczenas 
700 1 |a Chodilová, Dana,  |d 1964-  |7 xx0017374  |4 trl 
765 0 |t Percy Jackson & the Olympians 
787 0 8 |i Z cyklu:  |t Percy Jackson  |g 5 
900 |a ABA001  |b 20 
928 9 |a Albatros Media - Fragment 
044 |a xr 
910 |a RBIT002 
998 |d 385735  |a https://core.palmknihy.cz/api/books/385735/cover?tdu7q8  |b https://core.palmknihy.cz/api/books/385735/cover/400?tdu7q8  |c https://core.palmknihy.cz/api/books/385735/cover/50?tdu7q8  |e 2031-02-20  |g 392  |i 9788025363577  |j https://core.palmknihy.cz/api/books/385735/preview.epub  |k https://core.palmknihy.cz/api/books/385735/preview.pdf  |l   |q 49  |r 1  |s https://www.palmknihy.cz/kniha/385735  |t ebook  |y 2023  |z 0  |v Percy Jackson  |w 5 
999 |d 312070